00423nam a2200121Ia 45000010005000000080041000050820022000461000065000682450102001332600024002359010027002599990015002861456241024s9999 xx 000 0 und d aRD/379.7293/R426l aRepública Dominicana.Secretaría de Estado de Educación 0aLos principales ejes del plan estratégico 2008-2012 de la educación inicial, básica y media bSanto Domingoc2009 a29/4/2011 2:13:24 p.m. c8278d8278